[Event "21st Panam-ch"]
[Site "Mar del Plata ARG"]
[Date "2012.10.18"]
[Round "8.34"]
[White "Fiori, Alberto Nicolas"]
[Black "Fulgenzi, Ernesto"]
[Result "0-1"]
[WhiteElo "2159"]
[BlackElo "2344"]
[EventDate "2012.10.12"]
[PlyCount "92"]

1.e4 g6 2.d4 Bg7 3.Nc3 c6 4.Nf3 d5 5.h3 dxe4 6.Nxe4 Nd7 7.c3 Ngf6 8.Nxf6+ 
Nxf6 9.Bd3 O-O 10.O-O Qc7 11.Qe2 Nd5 12.Re1 Re8 13.Ne5 Be6 14.c4 Nb4 15.
Bb1 Rad8 16.Bd2 Na6 17.Bc3 Qc8 18.Bd3 Nc7 19.Rad1 f6 20.Nf3 Bf7 21.Nh2 Ne6
22.Qe3 Qc7 23.g3 Qc8 24.f4 c5 25.d5 Nd4 26.f5 Nxf5 27.Bxf5 Qxf5 28.g4 Qc8 
29.g5 b5 30.b3 bxc4 31.bxc4 Qa6 32.Qd3 h6 33.gxf6 exf6 34.Ng4 Rxe1+ 35.
Rxe1 Rxd5 36.Qe2 Rf5 37.Rd1 h5 38.Nf2 Qxc4 39.Rd8+ Kh7 40.Qxc4 Bxc4 41.Rd7
Rg5+ 42.Kh2 Bd5 43.Ng4 hxg4 44.Bxf6 g3+ 45.Kg1 Rf5 46.Bxg7 Kg8 0-1

[Event "21st Panam-ch"]
[Site "Mar del Plata ARG"]
[Date "2012.10.18"]
[Round "8.35"]
[White "Souza Neves, Andrey"]
[Black "Abdalla, Luiz Guilherme Aurelli"]
[Result "0-1"]
[WhiteElo "2147"]
[BlackElo "2316"]
[EventDate "2012.10.12"]
[PlyCount "112"]

1.e4 c5 2.Nf3 e6 3.b3 Nc6 4.Bb2 d6 5.Bb5 Bd7 6.O-O Nf6 7.Re1 Be7 8.d4 Nxd4
9.Bxd7+ Qxd7 10.Nxd4 cxd4 11.Qxd4 O-O 12.c4 a6 13.Nd2 Rfd8 14.Rad1 Qc7 15.
Qe3 Nd7 16.f4 Bf8 17.Qg3 b5 18.Kh1 Nb6 19.Rc1 Qb7 20.f5 e5 21.c5 dxc5 22.
Bxe5 f6 23.Bf4 Re8 24.e5 fxe5 25.Bxe5 Qf7 26.Ne4 Nd7 27.Bb2 Qxf5 28.Nd6 
Rxe1+ 29.Rxe1 Qg6 30.Qxg6 hxg6 31.Re6 Rb8 32.Ne4 Rb6 33.Re8 Nf6 34.Re5 
Nxe4 35.Rxe4 Rd6 36.Bc3 Rd3 37.Be1 Rd1 38.g3 Rc1 39.Re2 c4 40.bxc4 Bb4 41.
cxb5 axb5 42.Rb2 Rxe1+ 43.Kg2 Re4 44.a3 Bxa3 45.Rxb5 Re2+ 46.Kg1 Kh7 47.
Rd5 Be7 48.Rb5 g5 49.Rd5 Kg6 50.Ra5 Bf6 51.Ra4 Kf5 52.Rc4 Rd2 53.g4+ Ke6 
54.h3 Kd5 55.Ra4 Bd4+ 56.Kh1 Ke6 0-1

[Event "21st Panam-ch"]
[Site "Mar del Plata ARG"]
[Date "2012.10.18"]
[Round "8.36"]
[White "Avila, Pedro Andres"]
[Black "Tokman, Ariel"]
[Result "0-1"]
[WhiteElo "2145"]
[BlackElo "2283"]
[EventDate "2012.10.12"]
[PlyCount "100"]

1.e4 e5 2.Nf3 d6 3.d4 Nf6 4.Nc3 Nbd7 5.Bc4 Be7 6.O-O O-O 7.Qe2 c6 8.dxe5 
dxe5 9.Rd1 Qc7 10.Bg5 b5 11.Bd3 Nc5 12.a4 b4 13.Nb1 h6 14.Bxf6 Bxf6 15.
Nbd2 Nxd3 16.Qxd3 Rd8 17.Qe2 Be7 18.Nf1 Be6 19.b3 Qb6 20.Ne3 f6 21.Nh4 Bf8
22.Nhf5 Kh7 23.Rxd8 Rxd8 24.Rd1 g6 25.Rxd8 Qxd8 26.Ng3 Kg7 27.Ngf1 Bc5 28.
Qd1 Qxd1 29.Nxd1 f5 30.Nd2 Bd4 31.Kf1 Kf6 32.Ke2 f4 33.f3 Ke7 34.Nf2 Bxf2 
35.Kxf2 Kd6 36.Ke2 Kc5 37.Kd3 Bc8 38.c4 g5 39.g4 fxg3 40.hxg3 h5 41.Nf1 g4
42.Ne3 gxf3 43.Nd1 Bh3 44.Ke3 Bf1 45.Nf2 Bxc4 46.bxc4 Kxc4 47.g4 b3 48.Nd3
hxg4 49.Nxe5+ Kc3 50.Nd3 g3 0-1

[Event "21st Panam-ch"]
[Site "Mar del Plata ARG"]
[Date "2012.10.18"]
[Round "8.37"]
[White "Umetsubo, Cesar Hidemitsu"]
[Black "Arango, Andres Mauricio"]
[Result "1-0"]
[WhiteElo "2276"]
[BlackElo "2140"]
[EventDate "2012.10.12"]
[PlyCount "113"]

1.d4 d5 2.Nf3 Nf6 3.e3 c6 4.Bd3 Bg4 5.O-O Nbd7 6.b3 e5 7.dxe5 Nxe5 8.Be2 
Bd6 9.Bb2 Qe7 10.Nbd2 h5 11.Nxe5 Bxe5 12.Bxe5 Qxe5 13.Nf3 Bxf3 14.Bxf3 g5 
15.Qd4 Qxd4 16.exd4 Kd7 17.Be2 Rae8 18.Bd3 Ne4 19.f3 Nc3 20.Kf2 b5 21.a3 
a5 22.Rfe1 Kd6 23.h4 f6 24.Bg6 Reg8 25.Bf5 Re8 26.Bg6 Reg8 27.Bf7 Rg7 28.
Re6+ Kd7 29.Rxf6 gxh4 30.Rh1 b4 31.axb4 axb4 32.Bg6 Rhg8 33.Rf7+ Rxf7 34.
Bxf7 Ne4+ 35.fxe4 Rf8 36.Rxh4 Rxf7+ 37.Ke3 dxe4 38.Rxe4 Rg7 39.Kf3 Kd6 40.
g3 Rg5 41.Kg2 Kd5 42.Rf4 Rg4 43.Rf5+ Kxd4 44.Rxh5 c5 45.Rh4 Rxh4 46.gxh4 
Kc3 47.h5 Kxc2 48.h6 Kxb3 49.h7 c4 50.h8=Q c3 51.Kf2 Kc2 52.Ke2 b3 53.Qd4 
Kb1 54.Qxc3 b2 55.Qb3 Ka1 56.Qa3+ Kb1 57.Qa4 1-0

[Event "21st Panam-ch"]
[Site "Mar del Plata ARG"]
[Date "2012.10.18"]
[Round "8.38"]
[White "Fernandez, Maria Florencia"]
[Black "Cerda Albornoz, Guillermo"]
[Result "0-1"]
[WhiteElo "2138"]
[BlackElo "2267"]
[EventDate "2012.10.12"]
[PlyCount "74"]

1.d4 Nf6 2.c4 c5 3.d5 e6 4.Nc3 exd5 5.cxd5 d6 6.e4 g6 7.f4 Bg7 8.Bb5+ Nfd7
9.a4 O-O 10.Nf3 Na6 11.O-O Nb4 12.Re1 a6 13.Bf1 Re8 14.h3 Rb8 15.a5 b5 16.
axb6 Rxb6 17.Be3 Rb8 18.Bf2 a5 19.Nd2 Nb6 20.Bb5 Bd7 21.Bf1 Bc8 22.g3 Ba6 
23.Bxa6 Nxa6 24.Qf3 Nb4 25.Rec1 Qc8 26.Rxa5 Qxh3 27.Nb5 Qd7 28.Nxd6 Qxd6 
29.Bxc5 Qc7 30.Nb3 N6xd5 31.exd5 Nxd5 32.Ra7 Qc6 33.Na5 Qe6 34.Rd1 Rxb2 
35.Bf2 Nc3 36.Rf1 Qh3 37.Re7 Rxe7 0-1

[Event "21st Panam-ch"]
[Site "Mar del Plata ARG"]
[Date "2012.10.18"]
[Round "8.39"]
[White "Borja Avila, Raul"]
[Black "Perez, Maximiliano"]
[Result "0-1"]
[WhiteElo "2140"]
[BlackElo "2264"]
[EventDate "2012.10.12"]
[PlyCount "92"]

1.Nc3 c5 2.e4 d6 3.g3 g6 4.Bg2 Bg7 5.d3 Nc6 6.Nh3 e6 7.Nf4 Nge7 8.h4 Rb8 
9.Bd2 b5 10.Qc1 a5 11.h5 b4 12.Nd1 Ba6 13.Ne3 Ng8 14.Rb1 a4 15.b3 axb3 16.
axb3 Bb5 17.Qd1 Ra8 18.Qg4 Nh6 19.Qd1 Ra2 20.Nh3 Nd4 21.Rc1 Bc6 22.O-O O-O
23.g4 f6 24.hxg6 hxg6 25.Nf4 Kf7 26.f3 Ng8 27.Nh3 Ne7 28.f4 Rh8 29.Ra1 
Rxa1 30.Qxa1 Qa8 31.Nc4 Rd8 32.Qb2 d5 33.Ra1 Qb8 34.exd5 Bxd5 35.Rf1 Rh8 
36.Qb1 Bxg2 37.Kxg2 Qa8+ 38.Kg3 Qa6 39.Qd1 Nd5 40.Re1 Qa2 41.Be3 Nxc2 42.
Bxc5 Nxe1 43.Qxe1 Rxh3+ 44.Kxh3 Nxf4+ 45.Kg3 Qg2+ 46.Kxf4 Bh6+ 0-1

[Event "21st Panam-ch"]
[Site "Mar del Plata ARG"]
[Date "2012.10.18"]
[Round "8.40"]
[White "Santos, Haroldo Cunha dos"]
[Black "Fiori, Hector"]
[Result "1-0"]
[WhiteElo "2263"]
[BlackElo "2125"]
[EventDate "2012.10.12"]
[PlyCount "107"]

1.d4 Nf6 2.Nf3 e6 3.Bf4 c5 4.e3 b6 5.a4 Bb7 6.Na3 cxd4 7.exd4 Nd5 8.Bg3 
Be7 9.Nc4 d6 10.c3 Qc7 11.Bd3 Nd7 12.Qb3 O-O 13.O-O N7f6 14.Ne3 Nxe3 15.
fxe3 Ne4 16.Qc2 Nxg3 17.Bxh7+ Kh8 18.hxg3 f5 19.Bg6 Qc6 20.Qe2 Kg8 21.Rf2 
Qe4 22.Nd2 Qg4 23.Qxg4 fxg4 24.Bh5 Rxf2 25.Kxf2 Rf8+ 26.Kg1 Bg5 27.Re1 Bc6
28.Bxg4 e5 29.b3 exd4 30.cxd4 Bd5 31.Bf3 Be6 32.Bc6 d5 33.Nf3 Be7 34.e4 
dxe4 35.Bxe4 Rd8 36.d5 Bc5+ 37.Kh2 Bc8 38.Ng5 Rd6 39.Rf1 Rh6+ 40.Nh3 Bd6 
41.Bf5 Ba6 42.Rf3 Bb7 43.Be6+ Rxe6 44.dxe6 Bxf3 45.gxf3 Kf8 46.f4 Ke7 47.
Ng5 Bc7 48.Kg2 Kf6 49.Kf3 Bd8 50.Ke4 Be7 51.g4 a6 52.Kd5 a5 53.Ne4+ Kg6 
54.Kc6 1-0

[Event "21st Panam-ch"]
[Site "Mar del Plata ARG"]
[Date "2012.10.18"]
[Round "8.42"]
[White "Cervetto, Esteban"]
[Black "Tobares, Leandro"]
[Result "0-1"]
[WhiteElo "2100"]
[BlackElo "2261"]
[EventDate "2012.10.12"]
[PlyCount "68"]

1.e4 c5 2.Nf3 Nc6 3.d4 cxd4 4.Nxd4 g6 5.Nc3 Bg7 6.Be3 Nf6 7.Bc4 O-O 8.Bb3 
a5 9.O-O Nxd4 10.Bxd4 d6 11.f3 Bd7 12.a4 Bc6 13.Qd2 Nd7 14.Rad1 Nc5 15.
Bxc5 dxc5 16.Qg5 Bd4+ 17.Kh1 e6 18.Qh6 Qf6 19.Rd3 Rad8 20.Re1 Be5 21.Red1 
Bxc3 22.bxc3 Rxd3 23.Rxd3 Bxe4 24.Rd1 Rd8 25.Rb1 c4 26.fxe4 cxb3 27.cxb3 
Qxc3 28.Qh4 Qd3 29.Re1 Rd4 30.Qf4 Qd2 31.Qb8+ Rd8 32.Qg3 Rd3 33.Qb8+ Kg7 
34.Rf1 Qf2 {Ilegible} 0-1

[Event "21st Panam-ch"]
[Site "Mar del Plata ARG"]
[Date "2012.10.18"]
[Round "8.43"]
[White "Sanchez Sandoval, Gonzalo"]
[Black "Contreras Rodriguez, Henry"]
[Result "1-0"]
[WhiteElo "2029"]
[BlackElo "2220"]
[EventDate "2012.10.12"]
[PlyCount "69"]

1.e4 c5 2.Nf3 d6 3.d4 cxd4 4.Nxd4 Nf6 5.Nc3 a6 6.Bg5 e6 7.f4 Nbd7 8.Qf3 h6
9.Bh4 Qc7 10.O-O-O Be7 11.Be2 Rb8 12.Qg3 Rg8 13.e5 dxe5 14.fxe5 Qxe5 15.
Qe1 Ne4 16.Bxe7 Kxe7 17.Nxe4 Qxe4 18.Qb4+ Ke8 19.Bf3 Qe5 20.Kb1 Qc7 21.
Rhe1 Nc5 22.Nf5 b6 23.Qd4 Bb7 24.Bxb7 Nxb7 25.Nxg7+ Kf8 26.Nxe6+ fxe6 27.
Qf6+ Qf7 28.Qxh6+ Ke7 29.Qh4+ Ke8 30.Qa4+ b5 31.Qxa6 Nd8 32.h4 Rxg2 33.
Rxd8+ Kxd8 34.Qd6+ Kc8 35.Qc6+ 1-0

[Event "21st Panam-ch"]
[Site "Mar del Plata ARG"]
[Date "2012.10.18"]
[Round "8.44"]
[White "Zuriel, Marisa"]
[Black "Postolski, Javier"]
[Result "1-0"]
[WhiteElo "2217"]
[BlackElo "2006"]
[EventDate "2012.10.12"]
[PlyCount "67"]

1.e4 c5 2.Nf3 d6 3.d4 cxd4 4.Nxd4 Nf6 5.Nc3 a6 6.h3 e5 7.Nde2 Be6 8.g4 d5 
9.exd5 Nxd5 10.Bg2 Nxc3 11.Qxd8+ Kxd8 12.Nxc3 Kc7 13.O-O h5 14.Nd5+ Bxd5 
15.Bxd5 hxg4 16.hxg4 f6 17.Be3 Nd7 18.Rad1 Rh4 19.Kg2 g5 20.Be6 Nc5 21.Bf5
Rd8 22.Rxd8 Kxd8 23.Rd1+ Kc7 24.b4 Na4 25.Rd7+ Kc6 26.Rf7 Bxb4 27.Bd7+ Kd6
28.Bxa4 Rxg4+ 29.Kf3 Rh4 30.Rxf6+ Ke7 31.Rb6 e4+ 32.Ke2 Ba5 33.Bxg5+ Kf7 
34.Rxb7+ 1-0

[Event "21st Panam-ch"]
[Site "Mar del Plata ARG"]
[Date "2012.10.18"]
[Round "8.45"]
[White "Nina Campos, Miguel Angel"]
[Black "Saitta, Jorge"]
[Result "1-0"]
[WhiteElo "2298"]
[BlackElo "1847"]
[EventDate "2012.10.12"]
[PlyCount "87"]

1.e4 c5 2.Nf3 Nc6 3.d4 cxd4 4.c3 d3 5.Bxd3 e5 6.c4 Nf6 7.O-O Be7 8.Nc3 d6 
9.h3 O-O 10.Be3 h6 11.Qd2 Kh7 12.Rfd1 Be6 13.Nd5 Qd7 14.Nxe7 Qxe7 15.b4 b6
16.Rac1 Rfd8 17.Qb2 Rab8 18.a3 g5 19.Nh2 Nh5 20.Nf1 Nf4 21.Be2 f6 22.Ng3 
Nxe2+ 23.Qxe2 Qf7 24.c5 bxc5 25.bxc5 dxc5 26.Rxc5 Nd4 27.Bxd4 exd4 28.Nf5 
Bxf5 29.Rxf5 Kg6 30.h4 Qe7 31.h5+ Kh7 32.e5 Rb6 33.Qe4 Kg8 34.Rxd4 Rxd4 
35.Qxd4 fxe5 36.Rxe5 Qd6 37.Qc4+ Kg7 38.Qc3 Kh7 39.Qc2+ Kg7 40.Rc5 Rb7 41.
g3 Rd7 42.Kh2 Qe6 43.Rc6 Rd6 44.Rc7+ 1-0

[Event "21st Panam-ch"]
[Site "Mar del Plata ARG"]
[Date "2012.10.18"]
[Round "8.46"]
[White "Leskovar, Matias"]
[Black "Monteiro, Marcos Paul de Souza"]
[Result "1-0"]
[WhiteElo "2283"]
[BlackElo "2040"]
[EventDate "2012.10.12"]
[PlyCount "45"]

1.d4 d5 2.Nf3 c6 3.c4 Nf6 4.Nc3 dxc4 5.g3 Bf5 6.Bg2 Nbd7 7.O-O e6 8.Re1 
Qa5 9.e4 Bg4 10.h3 Bh5 11.Qe2 Bxf3 12.Bxf3 O-O-O 13.Bd2 Qa6 14.a4 c5 15.
Nb5 Nb6 16.dxc5 Bxc5 17.b4 Nxa4 18.Qxc4 Rd4 19.Qxc5+ Nxc5 20.Rxa6 Rxd2 21.
Rxa7 Na6 22.Ra8+ Nb8 23.Rc1+ 1-0

[Event "21st Panam-ch"]
[Site "Mar del Plata ARG"]
[Date "2012.10.18"]
[Round "8.47"]
[White "Chiari, Arthur Gontijo"]
[Black "Teixeira, Ricardo da Silva"]
[Result "1-0"]
[WhiteElo "2098"]
[BlackElo "2276"]
[EventDate "2012.10.12"]
[PlyCount "75"]

1.e4 Nf6 2.e5 Nd5 3.c4 Nb6 4.d4 d6 5.f4 dxe5 6.fxe5 Bf5 7.Nc3 e6 8.Be3 Bb4
9.Nf3 c5 10.a3 Bxc3+ 11.bxc3 Nc6 12.Be2 O-O 13.O-O Na5 14.Nd2 Rc8 15.d5 
Bg6 16.d6 Nd7 17.Nf3 Nb6 18.Nd2 Nd7 19.Bf4 f6 20.Bg4 fxe5 21.Bxe6+ Bf7 22.
Bxf7+ Rxf7 23.Bg3 Rxf1+ 24.Nxf1 Qf6 25.Qg4 Qf7 26.Ne3 Rf8 27.Rd1 Nc6 28.
Rf1 Nf6 29.Qf5 Nd7 30.Qh3 Qe8 31.Nf5 g6 32.Ne7+ Nxe7 33.Qe6+ Rf7 34.Rxf7 
Qxf7 35.Qxd7 Nc6 36.Qc8+ Kg7 37.d7 Qf6 38.Qxc6 1-0

[Event "21st Panam-ch"]
[Site "Mar del Plata ARG"]
[Date "2012.10.18"]
[Round "8.48"]
[White "Viana, Dirceu"]
[Black "Bulgarini Torre, Marco"]
[Result "1-0"]
[WhiteElo "2275"]
[BlackElo "1977"]
[EventDate "2012.10.12"]
[PlyCount "75"]

1.e4 e6 2.d4 d5 3.Nc3 Bb4 4.Ne2 Nc6 5.a3 Ba5 6.Be3 dxe4 7.b4 Bb6 8.Nxe4 
Nge7 9.c4 a6 10.c5 Ba7 11.N4c3 O-O 12.g3 Nd5 13.Bg2 Nce7 14.O-O c6 15.Qd2 
Bb8 16.Rad1 Bd7 17.Nf4 Nc7 18.Nd3 f6 19.Rfe1 Be8 20.Ne4 Ncd5 21.Nf4 Bxf4 
22.Bxf4 a5 23.Nc3 axb4 24.axb4 Bf7 25.Ne4 Nc8 26.Ra1 Rxa1 27.Rxa1 Nxf4 28.
gxf4 e5 29.dxe5 Qxd2 30.Nxd2 Rd8 31.Ne4 fxe5 32.fxe5 Rd4 33.Ra8 Rd1+ 34.
Bf1 Be6 35.Ng5 Bf5 36.e6 g6 37.Rxc8+ Kg7 38.e7 1-0

[Event "21st Panam-ch"]
[Site "Mar del Plata ARG"]
[Date "2012.10.18"]
[Round "8.49"]
[White "Okamura, Milton Kasuo"]
[Black "Sabas, Jorge"]
[Result "0-1"]
[WhiteElo "2092"]
[BlackElo "2274"]
[EventDate "2012.10.12"]
[PlyCount "76"]

1.d4 Nf6 2.c4 g6 3.Nc3 Bg7 4.e4 d6 5.Nf3 O-O 6.Be2 e5 7.O-O Nc6 8.d5 Ne7 
9.Nd2 c6 10.b4 a5 11.bxa5 Qxa5 12.Qc2 c5 13.Nb3 Qd8 14.a4 Ne8 15.Bd2 f5 
16.f3 f4 17.a5 g5 18.Na4 Nf6 19.Nb6 Ra6 20.Be1 h5 21.Bf2 Rf7 22.Rfb1 Bf8 
23.Kf1 Ng6 24.Nc1 g4 25.Nxc8 Qxc8 26.Rb5 h4 27.Ke1 g3 28.Bg1 h3 29.Bf1 Nh4
30.Ra3 Rg7 31.gxh3 g2 32.Be2 Qxh3 33.Qb2 Ra7 34.Rc3 Nh7 35.Bd1 Ng5 36.Qe2 
Qc8 37.Qf2 Nh3 38.Qxh4 Nxg1 0-1

[Event "21st Panam-ch"]
[Site "Mar del Plata ARG"]
[Date "2012.10.18"]
[Round "8.50"]
[White "Gaitan, Juan Manuel"]
[Black "Sperb, Eduardo Quintana"]
[Result "1-0"]
[WhiteElo "2266"]
[BlackElo "2040"]
[EventDate "2012.10.12"]
[PlyCount "75"]

1.d4 d5 2.c4 e6 3.Nc3 Nf6 4.cxd5 exd5 5.Bg5 Be7 6.e3 c6 7.Bd3 Bg4 8.Nge2 
Nbd7 9.Qc2 Bh5 10.Ng3 Bg6 11.Nf5 Bxf5 12.Bxf5 O-O 13.O-O Re8 14.Rab1 h6 
15.Bh4 g5 16.Bg3 Nh5 17.b4 Nxg3 18.hxg3 Nb6 19.Bd3 Rc8 20.a4 Qd6 21.Rfc1 
Kg7 22.a5 Nd7 23.Bf5 Rcd8 24.e4 dxe4 25.Nxe4 Qd5 26.Nc3 Qc4 27.d5 Nf6 28.
dxc6 bxc6 29.Qa4 Rd4 30.Qa1 Kg8 31.Ne2 Qxe2 32.Qxd4 Rd8 33.Qxa7 Qe5 34.Re1
Qxf5 35.Qxe7 Rd2 36.Qc5 Nd5 37.a6 Rc2 38.a7 1-0

[Event "21st Panam-ch"]
[Site "Mar del Plata ARG"]
[Date "2012.10.18"]
[Round "8.51"]
[White "Tapie Amione, Pablo Adib"]
[Black "Fiora, Emilio"]
[Result "1-0"]
[WhiteElo "2240"]
[BlackElo "1954"]
[EventDate "2012.10.12"]
[PlyCount "65"]

1.e4 c5 2.Nf3 d6 3.d4 cxd4 4.Nxd4 Nf6 5.Nc3 g6 6.Be3 Bg7 7.f3 O-O 8.Qd2 
Nc6 9.g4 Nxd4 10.Bxd4 Be6 11.Nd5 Bxd5 12.exd5 Nd7 13.Bxg7 Kxg7 14.O-O-O 
Rc8 15.h4 Rc5 16.h5 Qa5 17.Qg5 Rfc8 18.Bd3 Qa4 19.Kb1 f6 20.Qe3 Ne5 21.
hxg6 hxg6 22.Qh6+ Kf7 23.b3 Qa3 24.Qh7+ Ke8 25.Qg8+ Kd7 26.Qe6+ Kc7 27.
Qxe7+ Kb8 28.Qxd6+ Ka8 29.Be4 Nc4 30.Qxf6 Qa5 31.bxc4 Rxc4 32.Rh8 Qb4+ 33.
Ka1 1-0

[Event "21st Panam-ch"]
[Site "Mar del Plata ARG"]
[Date "2012.10.18"]
[Round "8.52"]
[White "Rioseco Pinochet, Fernan"]
[Black "Hernandez Amura, Gilberto"]
[Result "1-0"]
[WhiteElo "2236"]
[BlackElo "1851"]
[EventDate "2012.10.12"]
[PlyCount "65"]

1.e4 c5 2.Nf3 e6 3.c4 Nc6 4.d4 cxd4 5.Nxd4 d6 6.Nc3 a6 7.Be3 Nf6 8.Be2 Be7
9.O-O O-O 10.Qd2 Nxd4 11.Qxd4 Bd7 12.f4 Rc8 13.e5 dxe5 14.fxe5 Ne8 15.Rad1
Bc6 16.Qxd8 Bxd8 17.Bc5 Bc7 18.Bxf8 Kxf8 19.Bg4 Ke7 20.Rfe1 g6 21.Kf1 Ng7 
22.Nd5+ Ke8 23.Nxc7+ Rxc7 24.Kf2 h5 25.Bf3 Bxf3 26.Kxf3 Rxc4 27.Rc1 Rxc1 
28.Rxc1 Kd7 29.Kf4 Nf5 30.Kg5 Ne3 31.Kf6 Ng4+ 32.Kxf7 Nxe5+ 33.Kf6 1-0

[Event "21st Panam-ch"]
[Site "Mar del Plata ARG"]
[Date "2012.10.18"]
[Round "8.53"]
[White "Rivas, Lucas"]
[Black "Bouwman, Marcelo Wanderley"]
[Result "1/2-1/2"]
[WhiteElo "1987"]
[BlackElo "2233"]
[EventDate "2012.10.12"]
[PlyCount "93"]

1.e4 e6 2.d3 d5 3.Nd2 g6 4.Ngf3 Bg7 5.e5 c5 6.g3 Nc6 7.Nb3 Nxe5 8.Bg2 
Nxf3+ 9.Qxf3 Ne7 10.O-O Qc7 11.c4 O-O 12.Bg5 d4 13.h4 h6 14.Bd2 Rb8 15.
Rae1 Bd7 16.Qe2 e5 17.f4 Nf5 18.Qf2 h5 19.fxe5 Rbe8 20.Bf4 Bxe5 21.Bxe5 
Rxe5 22.Rxe5 Qxe5 23.Bxb7 Nxg3 24.Re1 Qc7 25.Nxc5 Bg4 26.b4 Nf5 27.Bg2 Qd8
28.Re4 Re8 29.Rxe8+ Qxe8 30.Be4 Ne3 31.Qf4 Qe7 32.Qg3 a5 33.Qf2 axb4 34.
Nb3 Qe5 35.Qh2 Nxc4 36.Qxe5 Nxe5 37.Nxd4 Kf8 38.Nc2 f5 39.Bg2 Nxd3 40.Bf1 
Ne5 41.Kf2 f4 42.Nxb4 Nf3 43.Nd3 Nxh4 44.Nxf4 g5 45.Nd5 Be6 46.Nf6 Bf7 47.
Nh7+ 1/2-1/2

[Event "21st Panam-ch"]
[Site "Mar del Plata ARG"]
[Date "2012.10.18"]
[Round "8.54"]
[White "Morelli, Nicolas"]
[Black "Assumpcao, Roberto"]
[Result "0-1"]
[WhiteElo "2036"]
[BlackElo "2218"]
[EventDate "2012.10.12"]
[PlyCount "80"]

1.e4 Nf6 2.Nc3 d5 3.exd5 Nxd5 4.Nxd5 Qxd5 5.d4 Nc6 6.Be3 e5 7.dxe5 Qxe5 8.
c3 Bc5 9.Nf3 Qe7 10.Qe2 O-O 11.O-O-O Be6 12.Kb1 Rfd8 13.Re1 Bf5+ 14.Ka1 
Bxe3 15.Qxe3 Qxe3 16.fxe3 Be4 17.Be2 Ne7 18.Rhf1 h6 19.Bc4 Bd3 20.Bxd3 
Rxd3 21.Rf2 Rad8 22.Kb1 Nd5 23.e4 Ne3 24.a3 Nxg2 25.Rg1 Rd1+ 26.Rxd1 Rxd1+
27.Ka2 Nf4 28.Rd2 Rxd2 29.Nxd2 Kh7 30.Kb3 Kg6 31.Kc4 Kh5 32.a4 Kg4 33.a5 
a6 34.b4 Kh3 35.Kc5 Kxh2 36.e5 g5 37.Ne4 g4 38.c4 Nd3+ 39.Kd4 Nxb4 40.Ke3 
g3 0-1

[Event "21st Panam-ch"]
[Site "Mar del Plata ARG"]
[Date "2012.10.18"]
[Round "8.55"]
[White "Heinecke, Lucas"]
[Black "Mackeprang, Luis"]
[Result "0-1"]
[WhiteElo "1978"]
[BlackElo "2145"]
[EventDate "2012.10.12"]
[PlyCount "56"]

1.Nf3 Nf6 2.c4 g6 3.g3 Bg7 4.Nc3 O-O 5.Bg2 d6 6.d4 Nbd7 7.O-O e5 8.d5 Nb6 
9.c5 dxc5 10.Nxe5 Re8 11.f4 Ng4 12.Nxg4 Bxg4 13.h3 Bxc3 14.hxg4 Bd4+ 15.
Kh2 Nxd5 16.Bxd5 Qxd5 17.e3 Qc4 18.exd4 Re2+ 19.Kh3 Rae8 20.f5 Qd5 21.fxg6
Qg2+ 22.Kh4 Qh2+ 23.Kg5 h6+ 24.Kf5 fxg6+ 25.Kxg6 R8e6+ 26.Rf6 Qh3 27.Kf5 
Qg2 28.Bxh6 Qd5+ 0-1

[Event "21st Panam-ch"]
[Site "Mar del Plata ARG"]
[Date "2012.10.18"]
[Round "8.56"]
[White "Pineiro, Dario"]
[Black "Villegas, Franco"]
[Result "1-0"]
[WhiteElo "2141"]
[BlackElo "1852"]
[EventDate "2012.10.12"]
[PlyCount "57"]

1.c4 e6 2.g3 Nf6 3.Bg2 d5 4.Nf3 Be7 5.O-O O-O 6.d4 h6 7.Nc3 c6 8.Nd2 Nbd7 
9.e4 c5 10.e5 Ne8 11.dxc5 d4 12.Nb5 Nxe5 13.Qe2 f6 14.Nb3 d3 15.Qe4 a6 16.
N5d4 a5 17.f4 a4 18.fxe5 axb3 19.Nxb3 f5 20.Qf3 Ra4 21.Rd1 Rxc4 22.Rxd3 
Qc7 23.Be3 Qxe5 24.Bd4 Rxd4 25.Nxd4 Bxc5 26.Rad1 Nf6 27.Kh1 Ng4 28.b3 Ne3 
29.Rxe3 1-0

[Event "21st Panam-ch"]
[Site "Mar del Plata ARG"]
[Date "2012.10.18"]
[Round "8.57"]
[White "Sampaio, Leonardo de Souza Prallon"]
[Black "Restuccia, Francisco"]
[Result "1-0"]
[WhiteElo "1976"]
[BlackElo "2118"]
[EventDate "2012.10.12"]
[PlyCount "133"]

1.e4 d5 2.exd5 Nf6 3.Nc3 Nxd5 4.Bc4 c6 5.Qf3 Nf6 6.h3 Nbd7 7.Bb3 Nc5 8.d3 
Nxb3 9.axb3 g6 10.Be3 Bg7 11.Nge2 O-O 12.O-O a6 13.Rfd1 Nd5 14.Nxd5 cxd5 
15.d4 Bf5 16.Rd2 Rc8 17.c3 Be4 18.Qg3 Qb6 19.b4 Ra8 20.f3 Bf5 21.Ra5 Qe6 
22.Qf2 Qd7 23.Nf4 Be6 24.Nxe6 Qxe6 25.Re2 Qd7 26.Bg5 f6 27.Bf4 b6 28.Ra1 
Rfe8 29.Rae1 e6 30.g4 a5 31.bxa5 Rxa5 32.h4 b5 33.g5 fxg5 34.hxg5 Qf7 35.
Be5 Ra6 36.Kg2 Qf5 37.Qg3 Qf7 38.Bxg7 Qxg7 39.Qe5 Qxe5 40.Rxe5 Kf7 41.Rh1 
Kg7 42.Rhe1 Kf7 43.Kg3 Re7 44.Kf4 Ke8 45.R5e2 Kd7 46.Rh1 Kd6 47.Rhh2 Rea7 
48.Rh4 Rf7+ 49.Ke3 Kc6 50.Rf4 Raa7 51.Rf6 Kd6 52.Kd3 Ra8 53.Re1 Re7 54.Rh1
Ra2 55.Kc2 Ra8 56.Kb3 Ra4 57.Re1 Kd7 58.Rf8 Kc7 59.Rh1 Kc6 60.Rh4 e5 61.
Rf6+ Kc7 62.Rg4 exd4 63.Rxd4 Rxd4 64.cxd4 Re2 65.Kc3 Rf2 66.Rf7+ Kc6 67.
Rxh7 1-0

[Event "21st Panam-ch"]
[Site "Mar del Plata ARG"]
[Date "2012.10.18"]
[Round "8.58"]
[White "Brizzi, Victor Emmanuel"]
[Black "San Martin Basualto, Epiro"]
[Result "0-1"]
[WhiteElo "1930"]
[BlackElo "2114"]
[EventDate "2012.10.12"]
[PlyCount "92"]

1.e4 e6 2.d3 d5 3.Qe2 Ne7 4.Nf3 c5 5.g3 Nbc6 6.Bg2 g6 7.O-O Bg7 8.c3 b6 9.
Re1 Ba6 10.exd5 Nxd5 11.Bg5 Qd7 12.Nbd2 h6 13.Be3 Bxc3 14.Ne4 Bxe1 15.Nxe1
f5 16.Nd2 O-O-O 17.Nc4 Ndb4 18.Bf4 Bxc4 19.dxc4 g5 20.a3 Nd4 21.Qd1 Nbc6 
22.Be3 g4 23.b4 Ne5 24.Kh1 Ndf3 25.Qc2 h5 26.h4 Nxe1 27.Rxe1 Nd3 28.Rb1 f4
29.gxf4 Qe7 30.bxc5 Nxc5 31.Bxc5 Qxc5 32.Qe4 Kd7 33.Rb5 Qxf2 34.Rg5 Ke7 
35.Qb7+ Kd6 36.Qc6+ Ke7 37.Qc7+ Rd7 38.Rg7+ Kf8 39.Qc8+ Kxg7 40.Qxd7+ Kf6 
41.Qd3 Qxh4+ 42.Kg1 Qe1+ 43.Kh2 Ke7 44.Qd4 Qh4+ 45.Kg1 Qf6 46.Qe4 Rd8 0-1

[Event "21st Panam-ch"]
[Site "Mar del Plata ARG"]
[Date "2012.10.18"]
[Round "8.59"]
[White "Arias, Juan Cruz"]
[Black "Vazquez Massaro, Maximiliano"]
[Result "0-1"]
[WhiteElo "1899"]
[BlackElo "2112"]
[EventDate "2012.10.12"]
[PlyCount "124"]

1.e4 e6 2.Nf3 d5 3.Nc3 Nf6 4.e5 Nfd7 5.d4 c5 6.dxc5 Nc6 7.Bf4 Bxc5 8.Bd3 
f6 9.exf6 Qxf6 10.Bg5 Qf7 11.Qe2 O-O 12.O-O-O Nf6 13.Rhe1 Bd7 14.Bh4 h6 
15.Bg3 Nh5 16.Be5 Nf4 17.Bxf4 Qxf4+ 18.Kb1 Bb4 19.Bb5 Rf6 20.Qe3 Qc7 21.a3
Bd6 22.Ba4 a6 23.Bb3 Ne7 24.Re2 Rc8 25.Na4 b5 26.Nb6 Nf5 27.Nxd7 Nxe3 28.
Nxf6+ gxf6 29.Rxe3 a5 30.Ne1 a4 31.Ba2 b4 32.axb4 a3 33.Rc3 Qb8 34.Rxc8+ 
Qxc8 35.bxa3 Qc3 36.Nd3 Qxa3 37.Re1 Kf7 38.Re3 Qa7 39.h3 Qd4 40.c3 Qb6 41.
Re2 Qa6 42.Nc1 Bf4 43.Rc2 Qf1 44.Kb2 Qxg2 45.Nd3 Bd6 46.c4 dxc4 47.Bxc4 
Qxh3 48.Re2 h5 49.Kc2 h4 50.Kd2 Qh2 51.Bxe6+ Kg7 52.Re3 Bf4 53.Nxf4 Qxf4 
54.Ke2 f5 55.Bb3 Qg4+ 56.Ke1 f4 57.Re7+ Kf8 58.Rf7+ Ke8 59.Rh7 h3 60.Bf7+ 
Kf8 61.Bb3 Qg2 62.Ke2 Qe4+ 0-1

[Event "21st Panam-ch"]
[Site "Mar del Plata ARG"]
[Date "2012.10.18"]
[Round "8.60"]
[White "Batista, Gerson Peres"]
[Black "Jorquera Alfaro, Mauricio"]
[Result "1-0"]
[WhiteElo "2233"]
[BlackElo "2036"]
[EventDate "2012.10.12"]
[PlyCount "41"]

1.e4 e6 2.d4 d5 3.Nc3 dxe4 4.Nxe4 Nd7 5.Bd3 Ngf6 6.Qe2 c5 7.Nf3 Be7 8.
Nxf6+ Nxf6 9.dxc5 Bxc5 10.O-O O-O 11.Bg5 Be7 12.Rad1 Qc7 13.Ne5 b6 14.Rfe1
Bb7 15.Nd7 Nxd7 16.Bxe7 Rfe8 17.Qh5 g6 18.Qh4 Nc5 19.Bf6 Qc6 20.Bf1 Ne4 
21.Rxe4 1-0

[Event "21st Panam-ch"]
[Site "Mar del Plata ARG"]
[Date "2012.10.18"]
[Round "8.61"]
[White "Anino, Sergio"]
[Black "Heinecke, Victor"]
[Result "1-0"]
[WhiteElo "2226"]
[BlackElo "2025"]
[EventDate "2012.10.12"]
[PlyCount "77"]

1.d4 Nf6 2.c4 c5 3.d5 b5 4.cxb5 a6 5.bxa6 g6 6.Nc3 Bxa6 7.g3 Bg7 8.Bg2 d6 
9.Nf3 O-O 10.O-O Nbd7 11.Rb1 Nb6 12.b3 Ra7 13.Bb2 Qa8 14.Ng5 h6 15.Nh3 Rb8
16.Qd2 Ne8 17.Rfd1 Bc8 18.a4 c4 19.Nb5 Ra6 20.Bxg7 Kxg7 21.bxc4 Nxa4 22.
Nf4 Bf5 23.Ra1 Rb7 24.Ra3 Nc7 25.Rda1 Nxb5 26.cxb5 Rxb5 27.Qd4+ Kh7 28.
Rxa4 Rxa4 29.Rxa4 Rb1+ 30.Bf1 Qb7 31.Ra7 e5 32.Rxb7 exd4 33.Rxb1 Bxb1 34.
Nd3 Kg7 35.f4 f5 36.Kf2 Kf6 37.Nb4 Be4 38.Bg2 Bb1 39.Ke1 1-0

[Event "21st Panam-ch"]
[Site "Mar del Plata ARG"]
[Date "2012.10.18"]
[Round "8.62"]
[White "Evans, Pablo"]
[Black "Arias, Juan Carlos"]
[Result "1-0"]
[WhiteElo "2017"]
[BlackElo "2215"]
[EventDate "2012.10.12"]
[PlyCount "65"]

1.e4 e6 2.b3 d5 3.Bb2 Nf6 4.e5 Nfd7 5.f4 c5 6.Nf3 Nc6 7.Bb5 Qb6 8.Qe2 a6 
9.Ba4 Qc7 10.Bxc6 Qxc6 11.O-O Be7 12.d3 b6 13.Nbd2 Bb7 14.c3 O-O-O 15.d4 
h6 16.a4 Kb8 17.Kh1 g5 18.Rfc1 gxf4 19.Ba3 Rde8 20.Ra2 Rhg8 21.c4 Rg6 22.
a5 Reg8 23.Rg1 dxc4 24.bxc4 h5 25.Qd3 Bf8 26.axb6 cxd4 27.Bxf8 Nxf8 28.
Qxd4 Nd7 29.Rb2 h4 30.Nxh4 Rxg2 31.Rxg2 Rxg2 32.Ndf3 Rg4 33.Rg2 1-0